00423nam a22001577a 450000500170000001000150001702000260003203500140005803700130007208200110008510000180009624500350011426000330014927000610018230000220024320181228152623.0 aENG-120853 c499.00a9788192226682 aEN-104385 bDBAD/PUB a823.92 aBasher,A. M.  aRiot widows /cby A. M. Baheer aNew DelhibPalimpsest c2013 a16 Community Centere, Panchsheel ParkbNew Delhie110017 a244p.c23 Cm.(hb)